Library Banner

The end of illness/ (Record no. 90426)

MARC details
000 -LEADER
fixed length control field 00430nam a22001817a 4500
005 - DATE AND TIME OF LATEST TRANSACTION
control field 20170214103608.0
008 - FIXED-LENGTH DATA ELEMENTS--GENERAL INFORMATION
fixed length control field 170124b xxu||||| |||| 00| 0 eng d
020 ## - INTERNATIONAL STANDARD BOOK NUMBER
International Standard Book Number 9781451610178
040 ## - CATALOGING SOURCE
Transcribing agency PK-LaUMT
082 ## - DEWEY DECIMAL CLASSIFICATION NUMBER
Classification number 613
Item number AGU-E
100 ## - MAIN ENTRY--PERSONAL NAME
Personal name Agus, David B.
245 ## - TITLE STATEMENT
Title The end of illness/
Statement of responsibility, etc David B. Agus
260 ## - PUBLICATION, DISTRIBUTION, ETC. (IMPRINT)
Place of publication, distribution, etc New York:
Name of publisher, distributor, etc Free Press,
Date of publication, distribution, etc 2011
300 ## - PHYSICAL DESCRIPTION
Extent 335 p.
546 ## - LANGUAGE NOTE
Language note en
650 ## - SUBJECT ADDED ENTRY--TOPICAL TERM
Topical term or geographic name as entry element Health
942 ## - ADDED ENTRY ELEMENTS (KOHA)
Koha item type Books
Holdings
Withdrawn status Lost status Damaged status Home library Current library Date acquired Full call number Barcode Date last seen Price effective from Koha item type
      UMT Main Campus UMT Main Campus 2017-01-24 613 AGU-E 105107 2017-01-24 2017-01-24 Books